| 000 | 00595nam a2200205Ia 4500 | ||
|---|---|---|---|
| 001 | 4250 | ||
| 003 | GE_BSU | ||
| 008 | 181216s||||||||xx |||||||||||||| ||und|| | ||
| 040 | _cGE_BSU | ||
| 080 | _a665.61.03 | ||
| 100 | _aБоровая,М.С. | ||
| 245 | _aЛаборант нефтяной и газовой лаборатории. | ||
| 245 | _cВед. ред. В.Г. Котикова. | ||
| 260 | _aМ. | ||
| 260 | _bНедра. | ||
| 260 | _c1968. | ||
| 300 | _a309стр.21см. | ||
| 653 | _aЛаборант нефтяной и газовой лаборатории. | ||
| 942 | _cBK | ||
| 999 |
_c38260 _d38260 |
||